Curriculum improvement in secondary education; (Record no. 86469)
[ view plain ]
| 000 -LEADER | |
|---|---|
| fixed length control field | 01124cam a2200265 4500 |
| 001 - CONTROL NUMBER | |
| control field | sa 68015456 |
| 003 - CONTROL NUMBER IDENTIFIER | |
| control field | DLC |
| 005 - DATE AND TIME OF LATEST TRANSACTION | |
| control field | 20260227112643.0 |
| 008 - FIXED-LENGTH DATA ELEMENTS--GENERAL INFORMATION | |
| fixed length control field | 700320s1965 ii b 100 0 eng |
| 010 ## - LIBRARY OF CONGRESS CONTROL NUMBER | |
| LC control number | sa 68015456 |
| 025 ## - OVERSEAS ACQUISITION NUMBER | |
| Overseas acquisition number | PL480:I-E-9573 |
| 040 ## - CATALOGING SOURCE | |
| Original cataloging agency | DLC |
| Transcribing agency | DLC |
| Modifying agency | DLC |
| 050 00 - LIBRARY OF CONGRESS CALL NUMBER | |
| Classification number | LB1629.5.I48 |
| Item number | S4 1964 |
| 082 00 - DEWEY DECIMAL CLASSIFICATION NUMBER | |
| Classification number | 373.1/9/0954 |
| 111 2# - MAIN ENTRY--MEETING NAME | |
| Meeting name or jurisdiction name as entry element | Seminar on Curriculum Improvement in Secondary Education, |
| Location of meeting | Maharaja Sayajirao University of Baroda, |
| Date of meeting or treaty signing | 1964. |
| 245 10 - TITLE STATEMENT | |
| Title | Curriculum improvement in secondary education; |
| Remainder of title | report of the seminar held from 8th to 12th Dec., 64. |
| Statement of responsibility, etc. | Edited by A. S. Patel and B. P. Lulla. |
| 260 ## - PUBLICATION, DISTRIBUTION, ETC. | |
| Place of publication, distribution, etc. | Baroda, |
| Name of publisher, distributor, etc. | Centre for Advanced Study in Education, Faculty of Education and Psychology, M.S. University of Baroda, |
| Date of publication, distribution, etc. | 1965. |
| 300 ## - PHYSICAL DESCRIPTION | |
| Extent | viii, 125 p. |
| Dimensions | 22 cm. |
| 490 1# - SERIES STATEMENT | |
| Series statement | Curriculum monographs, c-3 |
| 504 ## - BIBLIOGRAPHY, ETC. NOTE | |
| Bibliography, etc. note | Includes bibliographies. |
| 650 #0 - SUBJECT ADDED ENTRY--TOPICAL TERM | |
| Topical term or geographic name entry element | Education, Secondary |
| General subdivision | Curricula |
| Geographic subdivision | India |
| Form subdivision | Congresses. |
| 700 1# - ADDED ENTRY--PERSONAL NAME | |
| Personal name | Patel, Ambalal Somabhai, |
| Dates associated with a name | 1918- |
| Relator term | ed. |
| 700 1# - ADDED ENTRY--PERSONAL NAME | |
| Personal name | Lulla, Basant P., |
| Dates associated with a name | 1929- |
| Relator term | ed. |
| 810 2# - SERIES ADDED ENTRY--CORPORATE NAME | |
| Corporate name or jurisdiction name as entry element | Centre for Advanced Study in Education. |
| Title of a work | Curriculum monograph, |
| Volume/sequential designation | c-3 |
No items available.